Ultrakill all weapons - Statistics

General Stats
  • This quiz has been taken 31 times
  • The average score is 17 of 21
Answer Stats
Answer % Correct
Marksman
96%
Piercer
96%
Core eject
85%
Sawed on
85%
Attractor
81%
Electric
81%
Feedbacker
81%
Freezeframe
81%
Jumpstart
81%
Knuckleblaster
81%
Malicious
81%
Overheat
81%
Pump charge
81%
Screwdriver
81%
Sharpshooter
81%
S.R.S Cannon
81%
Whiplash
81%
Alternate Revolver
78%
Alternate Shotgun
78%
Alternate Nailgun
74%
Firestarter
74%
No matching quizzes found
Score Distribution
Percent of People with Each Score
Percentile by Number Answered
Your Score History
You have not taken this quiz